00342nam a2200145Ia 4500008004000000082001500040100002200055245002600077260002800103300000700131650001000138650000700148650001700155700002400172210210b1985 xxu||||| |||| 00| 0 eng d a621.3 CHAS aCHAKRABORTY (A K) aStory of electricity. aNDbNot Mentionedc1985 a86 aStory aof aelectricity. aBHATTACHARYA (S C).